00680nam a2200181 a 450000100100000000500170001000800410002704000250006808200150009310000350010824500580014326000470020130000290024850400290027760000620030695201130036899900170048100004406020201002045125.0140514s1987 dr ac 000 0 spa d aDO-SdBNPbspacBNPHU axxxxbxxxx1 aRovira Viñas, Antonio97204710aEnrique Tierno Galván, 1918-1986 /cAntonio Rovira. aMadrid :bEditorial Pablo Iglesias,c1987. a27 p. :bretr. ;c24 cm. aBibliografía: p. 26-2714aTIERNO GALVÁN, ENRIQUE,d1918-1986xBIOGRAFÍAS972048 0010718PDaGRbGRcCTd2014-05-14iLF1l0oxxxx xxxxp44060-10r2020-06-25w2020-06-25yLFPDZNo se presta c43549d43549